| Tag |
First Indicator |
Second Indicator |
Subfields |
| LEADER |
00000cam a2200000 a 4500 |
| 001 |
in00000018471 |
| 005 |
20170415063102.0 |
| 008 |
871002s1987 nyuaf b 00110 eng |
| 010 |
|
|
|a 87061469
|
| 020 |
|
|
|a 087348665X
|
| 020 |
|
|
|a 0873486668 (pbk.)
|
| 035 |
|
|
|a (OCoLC)16391269
|
| 035 |
|
|
|9 AAB0967AM
|
| 040 |
|
|
|a DLC
|c DLC
|d UtOrBLW
|
| 041 |
1 |
|
|a eng
|a spa
|
| 043 |
|
|
|a nwcu---
|
| 049 |
|
|
|a TXAM
|c [A11487458]
|
| 050 |
0 |
0 |
|a F1788.22.C3
|b H3713 1987
|
| 082 |
0 |
|
|a 972.91/063/0924
|2 19
|
| 100 |
1 |
|
|a Harnecker, Marta.
|
| 240 |
1 |
0 |
|a Fidel Castro.
|l English
|
| 245 |
1 |
0 |
|a Fidel Castro's political strategy :
|b from Moncada to victory /
|c by Marta Harnecker ; [translated by Margarita Zimmerman].
|
| 250 |
|
|
|a 1st ed.
|
| 264 |
|
1 |
|a New York :
|b Pathfinder Press,
|c 1987.
|
| 300 |
|
|
|a 157 pages, 16 unnumbered pages of plates :
|b illustrations ;
|c 22 cm.
|
| 336 |
|
|
|a text
|b txt
|2 rdacontent
|
| 337 |
|
|
|a unmediated
|b n
|2 rdamedia
|
| 338 |
|
|
|a volume
|b nc
|2 rdacarrier
|
| 500 |
|
|
|a Translation of: Fidel Castro.
|
| 504 |
|
|
|a Bibliography: pages 67-74.
|
| 500 |
|
|
|a Includes index.
|
| 600 |
1 |
0 |
|a Castro, Fidel,
|d 1926-2016.
|
| 651 |
|
0 |
|a Cuba
|x Politics and government
|y 1933-1959.
|
| 999 |
|
|
|a MARS
|
| 999 |
f |
f |
|s e60f7ef0-4898-31e0-98f2-855a95d559db
|i 42a3ac0d-678b-3bee-a5a3-2d7f9fe683af
|t 0
|
| 952 |
f |
f |
|p normal
|a Texas A&M University
|b College Station
|c Sterling C. Evans Library
|d Evans: Library Stacks
|t 0
|e F1788.22.C3 H3713 1987
|h Library of Congress classification
|i unmediated -- volume
|m A14811487458
|
| 998 |
f |
f |
|a F1788.22.C3 H3713 1987
|t 0
|l Evans: Library Stacks
|